000 00195nam a2200085 4500
001 1236989
005 20251002143706.0
245 _aPORTAKAL İÇECEKLERİ
_cÖZGÜR BALPINAR
260 _bGENÇ TİMAŞ
999 _c1236989
_d1236989